000 00607cam a22002053a 4500
001 43902
003 PGUSA
005 20140828084011.0
008 131006s2013||||xxu|||||s|||||000 | eng d
040 _aPGUSA
_beng
042 _adc
100 1 _aTolentino, Aurelio,
_d1867-1915
245 1 0 _aMaring (Dangal at Lakas) :
_bUlirang Buhay Tagalog
_h[electronic resource] /
_cAurelio Tolentino
260 _bProject Gutenberg,
_c2013
506 _aPublic domain in the USA.
516 _aElectronic text
830 0 _aProject Gutenberg
_v43902
856 4 0 _uhttp://www.gutenberg.org/ebooks/43902
942 _cEB
999 _c273153
_d273153